Geometry Dash Level Quiz - Statistics

General Stats
  • This quiz has been taken 61 times
  • The average score is 10 of 15
Answer Stats
Description Answer % Correct
A famous medium demon level based on a cartoony insect. B
93%
The most dowloaded extreme demon. Bloodbath
91%
This level was first beaten by SpaceUK and after finiding out he was hacking, Doggie was the verifier of this level. Slaughterhouse
91%
The most dowloaded easy demon. the Nightmare
89%
The first level in the game getting rated the "demon" difficulty. Demon Park
84%
The third part, an insane demon, of the level series which is based on horror clowns. Crazy 3
82%
A famous level by Mindcap, an extreme demon and heavely based on memory. Limbo
82%
A level that features a dragon, a kraken, a demon and a ghost in several cinematic parts. Change of scene
77%
A famous level with flashing colors and lights, using the song "BIKE" by Tanger ispywithmylittleeye
73%
An easy demon by Triaxis dedicated to EVW. X
57%
The first level in the monster gauntlet. Slam
55%
An insane demon in a cartoon style, mainly featuring the colors: red, yellow, orange and pink Magmabound
48%
The first mythic rated level with regular game mode. Astralith
32%
A level by Funnygame which went into the history of GD cause of it being one of the first levels with a theme. Crazy Bolt
30%
The first rated 2.2 level. Dastardly
20%
No matching quizzes found
Score Distribution
Percent of People with Each Score
Percentile by Number Answered
Your Score History
You have not taken this quiz